| 000 | 00885nam a2200253Ia 4500 | ||
|---|---|---|---|
| 999 |
_c54302 _d54302 |
||
| 001 | 21358 | ||
| 003 | GE_BSU | ||
| 005 | 20210922160438.0 | ||
| 008 | 181216s2017||||ru |||||||||||||| ||rus|| | ||
| 020 | _a9785756708776 | ||
| 040 | _cGE_BSU | ||
| 041 | _arus | ||
| 080 | _a327(075.8) С-17 | ||
| 100 |
_aСамойленко, В. В. _912525 |
||
| 245 |
_aПрофессиональные секреты дипломата : _bУчебное пособие / _cВ. В. Самойленко. |
||
| 264 |
_aМосква : _bАспект-Пресс, _c2017. |
||
| 300 |
_a267 стр. ; _c21 см. |
||
| 541 | _h50 Лари | ||
| 653 | _aПолитика | ||
| 653 | _aПрофессиональные секреты дипломата | ||
| 653 | _aპოლიტიკა | ||
| 710 |
_aМосковский гос. ин-т междунар. отнош. _912464 |
||
| 942 |
_cBK _2udc |
||